Non-formal education approaches to teaching literacy (Record no. 1372460)

MARC details
000 -LEADER
fixed length control field 00630nam a2200193Ia 4500
005 - DATE AND TIME OF LATEST TRANSACTION
control field 20250508161823.0
008 - FIXED-LENGTH DATA ELEMENTS--GENERAL INFORMATION
fixed length control field 008 250505s9999 xx 000 0 eng d
037 ## - SOURCE OF ACQUISITION
Stock number Books to be hide in OPAC
040 ## - CATALOGING SOURCE
Original cataloging agency FEDL
Language of cataloging eng
Transcribing agency FEDL
041 ## - LANGUAGE CODE
Language code of text/sound track or separate title eng
Source of code eng
084 ## - COLON CLASSIFICATION NUMBER
Classification number 371.4, OXE/O
Assigning agency FEDL
100 ## - MAIN ENTRY--PERSONAL NAME
Personal name Oxenham John
245 #0 - TITLE STATEMENT
Title Non-formal education approaches to teaching literacy
260 ## - PUBLICATION, DISTRIBUTION, ETC.
Place of publication, distribution, etc. Michigan
Name of publisher, distributor, etc. Institute for International Studies in Education
300 ## - PHYSICAL DESCRIPTION
Extent iv,16p.
490 ## - SERIES STATEMENT
Series statement Program of studies in non-formal education supplementary series
942 ## - ADDED ENTRY ELEMENTS (KOHA)
Koha item type Books to be hide in OPAC
Classification part 371.4, OXE/O
Holdings
Withdrawn status Lost status Damaged status Not for loan Home library Current library Date acquired Total Checkouts Full call number Barcode Date last seen Price effective from Koha item type
        Department of Education Library Department of Education Library 2025-05-08   371.4, OXE/O EL0062275 2025-05-08 2025-05-08 Books to be hide in OPAC
Copyright @ Delhi University Library System